[Event "British Chess Championships 2023: U14 Championship"]
[Site "The Venue, De Montfort University, 20 Western Boulevard, Leicester, LE2 7BU"]
[Date "2023.07.26"]
[Round "3"]
[Board "18"]
[White "Eccleston, Bryony"]
[Black "Edwards, Leon"]
[Result "0-1"]
[WhiteElo "1017"]
[BlackElo "1387"]
[PlyCount "77"]
[EventDate "2023.07.25"]
[EventRounds "7"]
[EventCountry "ENG"]

1. e4 d5 2. exd5 Nf6 3. d4 Nxd5 4. c4 Nf6 5. Nc3 e6 6. a3 c5 7. Nf3 cxd4 8. Qxd4
Qxd4 9. Nxd4 a6 10. Na4 Bd7 11. Nb6 Ra7 12. b4 a5 13. Nxd7 Kxd7 14. b5 Be7 15. h3
Rc8 16. Be3 Ra8 17. Rd1 Ke8 18. a4 Nbd7 19. Nf3 Bb4+ 20. Bd2 Bxd2+ 21. Rxd2 Nb6 22.
Ra2 Nxc4 23. Bxc4 Rxc4 24. O-O Rac8 25. Nd2 Rc2 26. Rxc2 Rxc2 27. Nb3 b6 28. Nd4
Rc4 29. Nc6 Rxa4 30. Rd1 Nd5 31. f4 Rxf4 32. g3 Rf3 33. Kg2 Ne3+ 34. Kxf3 Nxd1 35.
Kf4 Kd7 36. Ke5 f6+ 37. Kd4 Ke8 38. Kc4 f5 39. Na7  0-1

[Event "British Chess Championships 2023: U14 Championship"]
[Site "The Venue, De Montfort University, 20 Western Boulevard, Leicester, LE2 7BU"]
[Date "2023.07.26"]
[Round "3"]
[Board "19"]
[White "Eradi, Madhav"]
[Black "Freeman, Luke"]
[Result "1/2-1/2"]
[WhiteElo "1339"]
[BlackElo "1387"]
[PlyCount "66"]
[EventDate "2023.07.25"]
[EventRounds "7"]
[EventCountry "ENG"]

1. e4 c5 2. Nf3 g6 3. d4 cxd4 4. Nxd4 Bg7 5. Nc3 Nc6 6. Be3 Nf6 7. Bc4 Qa5 8. O-O
O-O 9. Nb3 Qc7 10. h3 d6 11. Qd2 Ne5 12. Be2 Nc4 13. Bxc4 Qxc4 14. Qd3 Be6 15. Rad1
Nd7 16. Qxc4 Bxc4 17. Rfe1 Bxb3 18. axb3 Rac8 19. Bd4 Bxd4 20. Rxd4 Ne5 21. Ra4 a6
22. Rb4 Rb8 23. f4 Nc6 24. Ra4 e5 25. fxe5 dxe5 26. Nd5 Rbd8 27. c3 f5 28. c4 f4
29. c5 Nd4 30. h4 Rfe8 31. Rf1 Ne2+ 32. Kf2 Ng3 33. Re1 Kf7  1/2-1/2

[Event "British Chess Championships 2023: U14 Championship"]
[Site "The Venue, De Montfort University, 20 Western Boulevard, Leicester, LE2 7BU"]
[Date "2023.07.26"]
[Round "3"]
[Board "20"]
[White "Kong, Emma"]
[Black "Chapman, Luke"]
[Result "1-0"]
[WhiteElo "1315"]
[BlackElo "1344"]
[PlyCount "83"]
[EventDate "2023.07.25"]
[EventRounds "7"]
[EventCountry "ENG"]

1. d4 f5 2. c4 Nf6 3. Nc3 g6 4. Nf3 Bg7 5. Bf4 O-O 6. e3 d6 7. Be2 Nbd7 8. Qb3 c5
9. d5 h6 10. h4 Nh5 11. Bh2 f4 12. Nd1 Qa5+ 13. Nd2 fxe3 14. Qxe3 Nhf6 15. O-O Qd8
16. Qg3 Qe8 17. Re1 Nh7 18. Bd3 Ne5 19. Bc2 Bf5 20. Bxf5 Rxf5 21. Ne3 Rf8 22. Ng4
h5 23. Nxe5 Bxe5 24. Qe3 Bxh2+ 25. Kxh2 Qf7 26. f3 Rae8 27. Qe6 Qxe6 28. Rxe6 Rf6
29. Rae1 Kf7 30. Kg3 a6 31. Ne4 b6 32. Ng5+ Nxg5 33. hxg5 Rf5 34. f4 b5 35. b3 b4
36. Kf3 a5 37. g4 hxg4+ 38. Kxg4 Kf8 39. Rxg6 Rf7 40. Rh1 Rg7 41. Rh8+ Kf7 42. Rxg7+
 1-0

[Event "British Chess Championships 2023: U14 Championship"]
[Site "The Venue, De Montfort University, 20 Western Boulevard, Leicester, LE2 7BU"]
[Date "2023.07.26"]
[Round "3"]
[Board "21"]
[White "Ou, Siyao"]
[Black "Ajaykumar, Arav"]
[Result "0-1"]
[WhiteElo "1088"]
[BlackElo "1289"]
[PlyCount "148"]
[EventDate "2023.07.25"]
[EventRounds "7"]
[EventCountry "ENG"]

1. e4 e5 2. Nf3 Nc6 3. Bc4 f5 4. Nc3 fxe4 5. Ng1 Nf6 6. d3 d5 7. Bb3 exd3 8. cxd3
Bb4 9. Bd2 Be6 10. Nce2 Bxd2+ 11. Qxd2 O-O 12. Nh3 e4 13. Ng5 Qe7 14. Nxe6 Qxe6 15.
O-O-O Ne7 16. Nc3 Kh8 17. Rhe1 Qc6 18. Kb1 Qd6 19. h3 exd3 20. Qxd3 c6 21. Bc2 b5
22. g4 Qf4 23. Ne2 Qg5 24. Nd4 Rfe8 25. Ne6 Qg6 26. Qf3 Ne4 27. Nc7 Rf8 28. Bxe4
dxe4 29. Qxe4 Rac8 30. Qxg6 Nxg6 31. Ne6 Rxf2 32. Ng5 h6 33. Ne4 Rh2 34. Re3 Kg8
35. Rf1 Ne5 36. Nd6 Rd8 37. Nf5 Nc4 38. Ne7+ Kh7 39. Ree1 Nd2+ 40. Kc1 Nxf1 41. Rxf1
Rdd2 42. Nf5 Rc2+ 43. Kb1 Rxb2+ 44. Ka1 Rxa2+ 45. Kb1 Rhb2+ 46. Kc1 Ra1+ 47. Kxb2
Rxf1 48. Ne7 c5 49. Nc6 a6 50. Nb8 Rh1 51. Nxa6 Rxh3 52. Nxc5 Rg3 53. Na6 Rxg4 54.
Nc7 b4 55. Nd5 h5 56. Ne3 Re4 57. Nf5 g6 58. Nd6 Rd4 59. Kb3 h4 60. Nc4 Rxc4 61.
Kxc4 h3 62. Kxb4 h2 63. Kc5 h1=Q 64. Kd6 Qg2 65. Ke5 g5 66. Kd4 g4 67. Kd3 g3 68.
Kd4 Qf2+ 69. Kd5 g2 70. Kd6 g1=Q 71. Ke6 Qg5 72. Kd6 Qff6+ 73. Kd7 Qgg7+ 74. Ke8
Qff8#  0-1

[Event "British Chess Championships 2023: U14 Championship"]
[Site "The Venue, De Montfort University, 20 Western Boulevard, Leicester, LE2 7BU"]
[Date "2023.07.26"]
[Round "3"]
[Board "22"]
[White "Aleksandrov, Igor"]
[Black "Tagg, Ann"]
[Result "1-0"]
[WhiteElo "1411"]
[BlackElo "1133"]
[PlyCount "87"]
[EventDate "2023.07.25"]
[EventRounds "7"]
[EventCountry "ENG"]

1. d4 d5 2. c4 e6 3. Nc3 Nf6 4. cxd5 exd5 5. Bg5 Be7 6. e3 O-O 7. Bd3 Nbd7 8. Nf3
b6 9. O-O c5 10. Qc2 Bb7 11. Ne5 Nxe5 12. dxe5 Ne4 13. Bxe7 Qxe7 14. Nxe4 dxe4 15.
Bxe4 Bxe4 16. Qxe4 Rfe8 17. Rfd1 Qxe5 18. Qxe5 Rxe5 19. Rd7 f5 20. Rad1 Rae8 21.
Rxa7 f4 22. Rdd7 fxe3 23. Rxg7+ Kh8 24. Rxh7+ Kg8 25. fxe3 Rf5 26. Rae7 Rd8 27. Reg7+
Kf8 28. Rh8+ Kxg7 29. Rxd8 Kf6 30. Rf8+ Ke5 31. Rxf5+ Kxf5 32. a4 Ke4 33. Kf2 Kd3
34. h4 Kc2 35. h5 Kxb2 36. h6 c4 37. h7 Kc3 38. h8=Q+ Kc2 39. Qc8 Kd2 40. Qd7+ Kc2
41. Ke2 b5 42. axb5 Kb2 43. Qc6 c3 44. Kd1  1-0

[Event "British Chess Championships 2023: U14 Championship"]
[Site "The Venue, De Montfort University, 20 Western Boulevard, Leicester, LE2 7BU"]
[Date "2023.07.26"]
[Round "3"]
[Board "23"]
[White "Ou, Siyuan"]
[Black "Miler, Jakub"]
[Result "1-0"]
[WhiteElo "1232"]
[BlackElo "1100"]
[PlyCount "45"]
[EventDate "2023.07.25"]
[EventRounds "7"]
[EventCountry "ENG"]

1. e4 e5 2. Nf3 Nc6 3. Bc4 Nf6 4. d3 Bc5 5. O-O d5 6. exd5 Nxd5 7. h3 Be6 8. Re1
Qd7 9. Nxe5 Nxe5 10. Rxe5 O-O 11. Qh5 Nf4 12. Bxf4 Qd4 13. Rxc5 Qxb2 14. Qe5 Qxc2
15. Nc3 Bxc4 16. Rxc4 Qxd3 17. Rxc7 Rae8 18. Qc5 b6 19. Qc4 Qf5 20. Bd6 Rc8 21. Bxf8
Rxc7 22. Qxc7 Kxf8 23. Qd8#  1-0

[Event "British Chess Championships 2023: U14 Championship"]
[Site "The Venue, De Montfort University, 20 Western Boulevard, Leicester, LE2 7BU"]
[Date "2023.07.27"]
[Round "4"]
[Board "1"]
[White "Cancedda-Dupuis, Livio"]
[Black "Larchikov, Maksym"]
[Result "1/2-1/2"]
[WhiteElo "1656"]
[BlackElo "1859"]
[PlyCount "68"]
[EventDate "2023.07.25"]
[EventRounds "7"]
[EventCountry "ENG"]

1. e4 c6 2. d4 d5 3. exd5 cxd5 4. Bd3 Nc6 5. c3 Nf6 6. Bf4 Bg4 7. Nf3 Bxf3 8. Qxf3
e6 9. Nd2 Bd6 10. Bxd6 Qxd6 11. O-O O-O 12. Rfe1 Rfe8 13. Qg3 Qxg3 14. hxg3 Nd7 15.
f4 f5 16. Nf3 Nf6 17. Ne5 Nxe5 18. Rxe5 Rac8 19. Rae1 Kf7 20. Kf1 g6 21. R5e2 Re7
22. Rc1 Rec7 23. Ke1 Ne8 24. Kd2 Nd6 25. Rce1 Re7 26. Re5 Kf6 27. g4 Rg8 28. g5+
Kf7 29. R5e3 Rf8 30. Ke2 Kg8 31. Kf3 Ne4 32. Bxe4 fxe4+ 33. Kg4 Ref7 34. g3 Rc7  1/2-1/2

[Event "British Chess Championships 2023: U14 Championship"]
[Site "The Venue, De Montfort University, 20 Western Boulevard, Leicester, LE2 7BU"]
[Date "2023.07.27"]
[Round "4"]
[Board "2"]
[White "Blades, Kit"]
[Black "Welling, Zac"]
[Result "1/2-1/2"]
[WhiteElo "1689"]
[BlackElo "1661"]
[PlyCount "44"]
[EventDate "2023.07.25"]
[EventRounds "7"]
[EventCountry "ENG"]

1. e4 c6 2. c4 d5 3. exd5 cxd5 4. cxd5 Nf6 5. d4 Nxd5 6. Nc3 Nxc3 7. bxc3 g6 8. Nf3
Bg7 9. Bd3 Nc6 10. O-O O-O 11. Bf4 Bg4 12. Be4 Qd7 13. Qb3 Bxf3 14. Bxf3 Rac8 15.
Rfe1 Rfe8 16. Rab1 Na5 17. Qb4 b6 18. Be2 e5 19. Bb5 Nc6 20. dxe5 Nxb4 21. Bxd7 Nd3
22. Re4 Nc5  1/2-1/2

[Event "British Chess Championships 2023: U14 Championship"]
[Site "The Venue, De Montfort University, 20 Western Boulevard, Leicester, LE2 7BU"]
[Date "2023.07.27"]
[Round "4"]
[Board "3"]
[White "Bhatia, Kanishka"]
[Black "Gulijevs, Eldars"]
[Result "0-1"]
[WhiteElo "1592"]
[BlackElo "1845"]
[PlyCount "80"]
[EventDate "2023.07.25"]
[EventRounds "7"]
[EventCountry "ENG"]

1. e4 c6 2. Nf3 d5 3. Nc3 dxe4 4. Nxe4 Nf6 5. Nxf6+ exf6 6. h3 Bd6 7. d4 O-O 8. Be2
Nd7 9. O-O Re8 10. Re1 Nf8 11. Bd3 Be6 12. Be3 Qd7 13. Nd2 Ng6 14. Ne4 Bc7 15. Nc5
Qd6 16. Nxe6 Qh2+ 17. Kf1 Rxe6 18. Bxg6 hxg6 19. Qf3 Rae8 20. g4 f5 21. Qg2 Qd6 22.
c3 c5 23. d5 Re4 24. gxf5 gxf5 25. Rad1 f4 26. Bd2 Qxd5 27. Rxe4 Rxe4 28. Qg4 f5
29. Qh5 f3 30. Kg1 Qxd2 31. Qxf3 Qf4 32. Qg2 Re2 33. Qd5+ Kh7 34. Qg2 c4 35. Kf1
Rxb2 36. Re1 Bb6 37. Re2 Qc1+ 38. Re1 Qxc3 39. Re2 Rb1+ 40. Re1 Rxe1#  0-1

[Event "British Chess Championships 2023: U14 Championship"]
[Site "The Venue, De Montfort University, 20 Western Boulevard, Leicester, LE2 7BU"]
[Date "2023.07.27"]
[Round "4"]
[Board "4"]
[White "Mittal, Aditya"]
[Black "Swiatkowski, Dominik"]
[Result "1-0"]
[WhiteElo "1421"]
[BlackElo "1361"]
[PlyCount "107"]
[EventDate "2023.07.25"]
[EventRounds "7"]
[EventCountry "ENG"]

1. b3 d5 2. Bb2 c5 3. e3 a6 4. Nf3 Nc6 5. d4 cxd4 6. Nxd4 Nf6 7. Be2 Qc7 8. O-O e5
9. Nxc6 bxc6 10. c4 Be6 11. cxd5 cxd5 12. Nc3 Bd6 13. Rc1 Qe7 14. Bf3 e4 15. Be2
Ba3 16. Bxa3 Qxa3 17. Qd4 O-O 18. Qa4 Qxa4 19. Nxa4 Rfc8 20. Nb6 Rxc1 21. Rxc1 Rb8
22. Na4 Rc8 23. Rxc8+ Bxc8 24. b4 Bd7 25. Nc5 Bb5 26. Kf1 Ne8 27. Nxa6 Bxe2+ 28.
Kxe2 Kf8 29. Kd2 Ke7 30. a4 Nd6 31. Kc3 Nc4 32. Nc5 f5 33. a5 g5 34. a6 Kd6 35. a7
Nb6 36. Kd4 h5 37. Kc3 f4 38. Kc2 f3 39. g3 Na8 40. h3 Ke5 41. Kd2 Kd6 42. Kc3 Ke5
43. Nb3 Nb6 44. b5 Kd6 45. Kb4 Kc7 46. Kc5 Kb7 47. a8=Q+ Nxa8 48. Kxd5 g4 49. hxg4
hxg4 50. Kxe4 Nb6 51. Kf4 Nc4 52. Kxg4 Nxe3+ 53. fxe3 f2 54. Nd2  1-0

[Event "British Chess Championships 2023: U14 Championship"]
[Site "The Venue, De Montfort University, 20 Western Boulevard, Leicester, LE2 7BU"]
[Date "2023.07.27"]
[Round "4"]
[Board "5"]
[White "Zhu, Pengxiao"]
[Black "Oh, Julie"]
[Result "1-0"]
[WhiteElo "1487"]
[BlackElo "1374"]
[PlyCount "143"]
[EventDate "2023.07.25"]
[EventRounds "7"]
[EventCountry "ENG"]

1. d4 d5 2. c4 e6 3. Nc3 Nf6 4. cxd5 exd5 5. Bg5 c6 6. e3 Bf5 7. Qf3 Bg6 8. Bxf6
Qxf6 9. Qxf6 gxf6 10. g4 f5 11. g5 Be7 12. h4 f6 13. h5 Bf7 14. gxf6 Bxf6 15. Bh3
Be6 16. Nge2 Ke7 17. Ng3 f4 18. Nf5+ Bxf5 19. Bxf5 fxe3 20. fxe3 h6 21. O-O-O Bg5
22. Kc2 Rf8 23. e4 dxe4 24. Bxe4 Rf2+ 25. Kb1 Nd7 26. Rhe1 Kf8 27. d5 cxd5 28. Rf1
Rxf1 29. Rxf1+ Kg7 30. Bxd5 Nf6 31. Bxb7 Rb8 32. Bf3 Bd2 33. Ne2 Rb5 34. Nd4 Rb4
35. Nf5+ Kh7 36. Be2 Bc3 37. b3 Re4 38. Ng3 Re3 39. Rf3 Rxf3 40. Bxf3 a5 41. Nf5
Be5 42. Kc2 Nd7 43. Kd3 Nb6 44. Ne7 Bd6 45. Be4+ Kh8 46. Nc6 a4 47. b4 Kg7 48. b5
a3 49. Kc3 Na4+ 50. Kd4 Nb6 51. Bg6 Kf6 52. Kc3 Nd5+ 53. Kc4 Nb6+ 54. Kb3 Kg5 55.
Nd8 Kf6 56. Nc6 Kg5 57. Nd4 Kf6 58. Nc2 Nd7 59. Nxa3 Nc5+ 60. Kc4 Ne6 61. Nb1 Nf4
62. Nd2 Nxg6 63. Ne4+ Kg7 64. Nxd6 Ne5+ 65. Kd5 Kf6 66. Ne8+ Kf5 67. a4 Nd7 68. a5
Kg5 69. Kd6 Nf8 70. a6 Kxh5 71. a7 Kg4 72. a8=Q  1-0

[Event "British Chess Championships 2023: U14 Championship"]
[Site "The Venue, De Montfort University, 20 Western Boulevard, Leicester, LE2 7BU"]
[Date "2023.07.27"]
[Round "4"]
[Board "6"]
[White "Rastogi, Nayan Keats"]
[Black "Walia, Michael Kanishk"]
[Result "1-0"]
[WhiteElo "1540"]
[BlackElo "1374"]
[PlyCount "44"]
[EventDate "2023.07.25"]
[EventRounds "7"]
[EventCountry "ENG"]

1. e4 e6 2. d4 d5 3. e5 c5 4. c3 Nc6 5. Nf3 Qb6 6. a3 c4 7. Nbd2 Na5 8. Be2 f6 9.
O-O fxe5 10. Nxe5 Nf6 11. Qa4+ Bd7 12. Nxd7 Nxd7 13. b4 Nc6 14. Bg4 Nd8 15. Nf3 Ke7
16. Bg5+ Nf6 17. Ne5 Qc7 18. Bh5 Kd6 19. Bf4 Ke7 20. Ng6+ hxg6 21. Bxc7 Rxh5 22.
f3 g5  1-0

[Event "British Chess Championships 2023: U14 Championship"]
[Site "The Venue, De Montfort University, 20 Western Boulevard, Leicester, LE2 7BU"]
[Date "2023.07.27"]
[Round "4"]
[Board "7"]
[White "Thomas, James"]
[Black "Malik, Hunain"]
[Result "1/2-1/2"]
[WhiteElo "1588"]
[BlackElo "1675"]
[PlyCount "83"]
[EventDate "2023.07.25"]
[EventRounds "7"]
[EventCountry "ENG"]

1. d4 Nf6 2. Nf3 g6 3. Bf4 Bg7 4. e3 O-O 5. h3 d6 6. Be2 Nbd7 7. O-O Re8 8. c4 c6
9. Nc3 Qa5 10. a3 e5 11. b4 Qb6 12. c5 dxc5 13. dxc5 Qc7 14. Bh2 b6 15. cxb6 axb6
16. Rc1 Qb7 17. Qb3 e4 18. Ng5 Ne5 19. Ncxe4 Nxe4 20. Nxe4 Be6 21. Qc2 Bf5 22. Nd6
Bxc2 23. Nxb7 Bb3 24. Nd6 Re6 25. Nc4 Nxc4 26. Bxc4 Bxc4 27. Rxc4 Rxa3 28. Rd1 b5
29. Rcc1 Bf8 30. Rb1 Re4 31. Bd6 Ra4 32. Kf1 Rc4 33. Ke2 Ra2+ 34. Kf3 Rcc2 35. Bg3
Rc4 36. Rd8 Kg7 37. Be5+ f6 38. Bxf6+ Kxf6 39. Rxf8+ Kg7 40. Rf4 Rxf4+ 41. exf4 Rc2
42. Rd1  1/2-1/2

[Event "British Chess Championships 2023: U14 Championship"]
[Site "The Venue, De Montfort University, 20 Western Boulevard, Leicester, LE2 7BU"]
[Date "2023.07.27"]
[Round "4"]
[Board "8"]
[White "Spirling, Florence"]
[Black "Mitraka, Chrysa"]
[Result "1-0"]
[WhiteElo "1180"]
[BlackElo "1086"]
[PlyCount "127"]
[EventDate "2023.07.25"]
[EventRounds "7"]
[EventCountry "ENG"]

1. a3 Nf6 2. c4 e6 3. Nc3 c6 4. d4 d5 5. c5 Nbd7 6. Bg5 b6 7. b4 Be7 8. Bf4 Bb7 9.
e3 a5 10. h3 O-O 11. g4 Ne8 12. Nf3 f5 13. g5 bxc5 14. bxc5 Ba6 15. Rb1 Bxf1 16.
Kxf1 Qc8 17. Na4 Nc7 18. h4 Qa6+ 19. Kg2 Nb5 20. Rb3 Bd8 21. Nd2 Bc7 22. Bxc7 Nxc7
23. Nb6 Rad8 24. Qh5 Na8 25. Nxd7 Rxd7 26. Nf3 Qc8 27. Rhb1 Qe8 28. Qxe8 Rxe8 29.
Ne5 Rc7 30. Rb8 Rcc8 31. Nxc6 Kf8 32. Rxc8 Rxc8 33. Nxa5 h6 34. a4 hxg5 35. hxg5
Kf7 36. Rb7+ Kf8 37. Nb3 Nc7 38. a5 Na6 39. Rb6 Nc7 40. f4 Ke8 41. Kf2 Kf8 42. Ke2
Ke8 43. Kd3 Kf8 44. Kc3 Ke8 45. Nc1 Ra8 46. Rb7 Kd8 47. Nb3 Kc8 48. Rb6 Kd8 49. Kb4
Kd7 50. Rd6+ Ke7 51. Ka4 Ra7 52. Nc1 Ra8 53. Nd3 Ra7 54. Nb4 Ra8 55. a6 Ke8 56. Ka5
Ke7 57. Nc6+ Ke8 58. a7 g6 59. Kb6 Rc8 60. Kb7 Nb5 61. Rxe6+ Kf7 62. Re7+ Kf8 63.
Kxc8 Nxa7+ 64. Rxa7  1-0

[Event "British Chess Championships 2023: U14 Championship"]
[Site "The Venue, De Montfort University, 20 Western Boulevard, Leicester, LE2 7BU"]
[Date "2023.07.27"]
[Round "4"]
[Board "9"]
[White "Roul, Tushar"]
[Black "Vaidyanathan, Sathya"]
[Result "0-1"]
[WhiteElo "1545"]
[BlackElo "1465"]
[PlyCount "65"]
[EventDate "2023.07.25"]
[EventRounds "7"]
[EventCountry "ENG"]

1. e4 e5 2. Nf3 Nc6 3. Bb5 Nf6 4. d3 d6 5. c3 Bd7 6. O-O a6 7. Ba4 h6 8. Re1 Ne7
9. Bc2 Ng6 10. d4 Bg4 11. Nbd2 Bxf3 12. Nxf3 Nd7 13. Be3 Be7 14. h3 Nh4 15. Nxh4
Bxh4 16. Qg4 Bg5 17. f4 Nf6 18. Qf3 exf4 19. Bxf4 Bxf4 20. Qxf4 Nh5 21. Qf3 Qg5 22.
Ba4+ b5 23. e5 O-O 24. Bc2 Rae8 25. exd6 cxd6 26. Qf5 Qxf5 27. Bxf5 g6 28. Bc2 Nf4
29. Kf2 g5 30. Bf5 Kg7 31. g3 Ng6 32. Bxg6 fxg6+ 33. Kg2  0-1

[Event "British Chess Championships 2023: U14 Championship"]
[Site "The Venue, De Montfort University, 20 Western Boulevard, Leicester, LE2 7BU"]
[Date "2023.07.27"]
[Round "4"]
[Board "10"]
[White "Parikh, Naavya"]
[Black "Kalaiyalahan, Aishwarya"]
[Result "1-0"]
[WhiteElo "1517"]
[BlackElo "1389"]
[PlyCount "51"]
[EventDate "2023.07.25"]
[EventRounds "7"]
[EventCountry "ENG"]

1. e4 c5 2. Nc3 Nc6 3. Bb5 Nd4 4. Bc4 e6 5. f4 a6 6. d3 b5 7. Bb3 Bb7 8. Nf3 g6 9.
Nxd4 cxd4 10. Ne2 Bg7 11. O-O Ne7 12. Qe1 d6 13. Qg3 O-O 14. h4 h5 15. f5 exf5 16.
exf5 Nxf5 17. Qxg6 Bc8 18. Bg5 d5 19. Qxh5 Qd7 20. g4 Ne3 21. Bxe3 dxe3 22. Rf5 Qe7
23. Rg5 Qf6 24. Rf1 Qb6 25. Bxd5 Qc7 26. Qg6  1-0

[Event "British Chess Championships 2023: U14 Championship"]
[Site "The Venue, De Montfort University, 20 Western Boulevard, Leicester, LE2 7BU"]
[Date "2023.07.27"]
[Round "4"]
[Board "11"]
[White "Edwards, Leon"]
[Black "Catabay, Mae C"]
[Result "1/2-1/2"]
[WhiteElo "1387"]
[BlackElo "1579"]
[PlyCount "29"]
[EventDate "2023.07.25"]
[EventRounds "7"]
[EventCountry "ENG"]

1. d4 Nf6 2. c4 g6 3. Nc3 d5 4. cxd5 Nxd5 5. e4 Nxc3 6. bxc3 Bg7 7. Rb1 c5 8. Nf3
O-O 9. Be2 Nc6 10. Be3 Kh8 11. O-O Qc7 12. Qd2 Bg4 13. d5 Rad8 14. Bh6 Bxf3 15. Bxf3
 1/2-1/2

[Event "British Chess Championships 2023: U14 Championship"]
[Site "The Venue, De Montfort University, 20 Western Boulevard, Leicester, LE2 7BU"]
[Date "2023.07.27"]
[Round "4"]
[Board "13"]
[White "Kathuria, Dhruv"]
[Black "Sharma, Rishan"]
[Result "0-1"]
[WhiteElo "1313"]
[BlackElo "1370"]
[PlyCount "62"]
[EventDate "2023.07.25"]
[EventRounds "7"]
[EventCountry "ENG"]

1. e4 c5 2. Nf3 Nc6 3. d4 cxd4 4. Nxd4 e5 5. Nb5 d6 6. N1c3 a6 7. Na3 Nf6 8. Bg5
Be7 9. Nc4 Nd4 10. Bxf6 Bxf6 11. Nd5 b5 12. Nce3 Bb7 13. c3 Nc6 14. Nf5 O-O 15. Nxf6+
Qxf6 16. Qxd6 Qd8 17. O-O-O Qb6 18. Qd2 Rad8 19. Qg5 Rxd1+ 20. Kxd1 g6 21. Nh6+ Kg7
22. Ng4 f6 23. Qh6+ Kg8 24. Qh4 Nd4 25. Bd3 h5 26. Ne3 Ne6 27. g4 Nf4 28. Bc2 Rd8+
29. Kc1 g5 30. Bb3+ Kf8 31. Qg3 Ne2+  0-1

[Event "British Chess Championships 2023: U14 Championship"]
[Site "The Venue, De Montfort University, 20 Western Boulevard, Leicester, LE2 7BU"]
[Date "2023.07.27"]
[Round "4"]
[Board "14"]
[White "Martin, Ryan"]
[Black "Leung, Hao Ran"]
[Result "0-1"]
[WhiteElo "1354"]
[BlackElo "1432"]
[PlyCount "56"]
[EventDate "2023.07.25"]
[EventRounds "7"]
[EventCountry "ENG"]

1. e4 c6 2. d4 d5 3. Nd2 dxe4 4. Nxe4 Nd7 5. Bc4 e6 6. Nf3 Ngf6 7. Neg5 h6 8. Nh3
Bd6 9. Nf4 Qc7 10. Nd3 b5 11. Bb3 a5 12. a4 b4 13. Qe2 Ba6 14. Bd2 c5 15. dxc5 Nxc5
16. Be3 Bxd3 17. cxd3 Nxb3 18. Rb1 Qd7 19. Qd1 Qxa4 20. Nd2 Nc5 21. Qf3 Rd8 22. b3
Nxd3+ 23. Ke2 Qb5 24. Nc4 Ne5 25. Qh3 Nxc4 26. bxc4 Qxc4+ 27. Kd2 Be5+ 28. Ke1 Bc3+
 0-1

[Event "British Chess Championships 2023: U14 Championship"]
[Site "The Venue, De Montfort University, 20 Western Boulevard, Leicester, LE2 7BU"]
[Date "2023.07.27"]
[Round "4"]
[Board "15"]
[White "Xu, Jiarui"]
[Black "Gadiot, Ashton"]
[Result "1-0"]
[WhiteElo "1642"]
[BlackElo "1312"]
[PlyCount "39"]
[EventDate "2023.07.25"]
[EventRounds "7"]
[EventCountry "ENG"]

1. e4 e6 2. d4 d5 3. exd5 exd5 4. c3 c5 5. Nf3 Bg4 6. Be2 Nc6 7. O-O cxd4 8. Nxd4
Bxe2 9. Nxe2 g6 10. Re1 Nge7 11. Nf4 d4 12. Qb3 Qb6 13. Qxb6 axb6 14. Nd5 Rc8 15.
Bg5 h6 16. Bf6 Rg8 17. Na3 dxc3 18. Bxc3 Rd8 19. Rad1 g5 20. Nc7#  1-0

[Event "British Chess Championships 2023: U14 Championship"]
[Site "The Venue, De Montfort University, 20 Western Boulevard, Leicester, LE2 7BU"]
[Date "2023.07.27"]
[Round "4"]
[Board "16"]
[White "Merchant, Sebastian"]
[Black "Aleksandrov, Igor"]
[Result "0-1"]
[WhiteElo "1391"]
[BlackElo "1411"]
[PlyCount "98"]
[EventDate "2023.07.25"]
[EventRounds "7"]
[EventCountry "ENG"]

1. d4 d5 2. Nc3 c6 3. Bf4 Nf6 4. e3 Bf5 5. f3 e6 6. g4 Bg6 7. h4 h5 8. g5 Nfd7 9.
Bd3 Bxd3 10. Qxd3 Nb6 11. Nge2 Bd6 12. g6 f6 13. Bxd6 Qxd6 14. Nf4 N8d7 15. Nce2
O-O-O 16. O-O-O e5 17. dxe5 Nxe5 18. Qf5+ Qd7 19. Qxd7+ Rxd7 20. Nd4 Nbc4 21. e4
dxe4 22. fxe4 Ng4 23. Nf5 Rxd1+ 24. Rxd1 Nge3 25. Nxe3 Nxe3 26. Rd3 Ng4 27. Ra3 a6
28. Rf3 Ne5 29. Rf1 Ng4 30. Ne6 Rg8 31. Rf5 Kd7 32. Nf4 Re8 33. Nxh5 Rxe4 34. Nxg7
Re7 35. Nh5 Ke6 36. Rf4 f5 37. Ng7+ Rxg7 38. h5 Nh6 39. Kd2 Kf6 40. Rh4 Kg5 41. Rh1
Re7 42. Kd3 Kf6 43. Rg1 Ng4 44. Kc3 Re3+ 45. Kd4 Rh3 46. g7 Kxg7 47. h6+ Rxh6 48.
Kd3 Re6 49. Rf1 Kg6  0-1

[Event "British Chess Championships 2023: U14 Championship"]
[Site "The Venue, De Montfort University, 20 Western Boulevard, Leicester, LE2 7BU"]
[Date "2023.07.27"]
[Round "4"]
[Board "17"]
[White "Dissanayake, Sathsara"]
[Black "Eradi, Madhav"]
[Result "1/2-1/2"]
[WhiteElo "1497"]
[BlackElo "1339"]
[PlyCount "54"]
[EventDate "2023.07.25"]
[EventRounds "7"]
[EventCountry "ENG"]

1. e4 e5 2. Nf3 Nc6 3. Bb5 a6 4. Ba4 Nf6 5. O-O Be7 6. Re1 d6 7. c3 b5 8. Bb3 Be6
9. Bxe6 fxe6 10. d4 exd4 11. cxd4 d5 12. e5 Ne4 13. Nc3 Nxc3 14. bxc3 O-O 15. Be3
Na5 16. Nd2 Bg5 17. Qg4 Bxe3 18. Qxe6+ Kh8 19. Rxe3 c6 20. Qg4 Qe7 21. a3 Rf7 22.
Rh3 g5 23. Nf3 Rg8 24. Rh5 Rfg7 25. Re1 Qxa3 26. e6 Qxc3 27. e7 Re8  1/2-1/2

[Event "British Chess Championships 2023: U14 Championship"]
[Site "The Venue, De Montfort University, 20 Western Boulevard, Leicester, LE2 7BU"]
[Date "2023.07.27"]
[Round "4"]
[Board "18"]
[White "Mehta, Sophie"]
[Black "Pannu, Mya"]
[Result "0-1"]
[WhiteElo "1410"]
[BlackElo "1041"]
[PlyCount "32"]
[EventDate "2023.07.25"]
[EventRounds "7"]
[EventCountry "ENG"]

1. d4 d5 2. Bf4 c5 3. c3 Nf6 4. Bxb8 Rxb8 5. Qa4+ Bd7 6. Qxa7 b6 7. dxc5 bxc5 8.
Qxc5 e6 9. Qe3 Rxb2 10. Nd2 Qa5 11. Nb3 Rxb3 12. Nf3 Rxc3 13. Qd2 Ne4 14. Qf4 Rxf3+
15. Kd1 Rxf4 16. Kc1 Ba3+  0-1